BIBLIOTHÈQUE DE LA MAISON DU MEXIQUE

Logo 1 Logo 2

Cuestiones gongorinas (notice nᵒ 3503)

détails MARC
000 -Sello discográfico
campo de control de longitud fija 00850nam a2200325 4500
005 - Identificación de versión
campo de control 20251017062831.0
035 ## - Otros números de control del sistema
Número de control del sistema 13411
099 ## - fechas locales
Tipo de ítem Koha LIBRO
100 ## - Datos de procesamiento general
Datos de procesamiento general 19980518d1927 m y1spay5003 ba
105 ## - Campo de datos codificados: Material textual, monográfico
Datos codificados de monografía y 001zy
200 1# - Título y mención de responsabilidad
Título propio Cuestiones gongorinas
Designación general del material texto impreso
Primer mención de responsabilidad Alfonso Reyes
210 ## - Publicación, distribución, etc.
Lugar de publicación, distribución, etc. México
Nombre del editor, distribuidor, etc. Espasa-Calpe
Fecha de publicación, distribución, etc. 1927
215 ## - Descripción física
Designación de material específico y extensión del ítem 268 p
Dimensiones 21 cm
318 ## - Nota de acción
Acción No se presta a domicilio
345 ## - Nota de información de adquisición
Fuente de adquisición/dirección de la suscripción [OBSOLETO] Donación
600 ## - Nombre personal usado como materia
Elemento de entrada Góngora y Argote
Parte del nombre distinta del elemento de entrada Luis de
Fechas 1561-1627
Número Koha 7132
660 ## - Código de área geográfica
Código MX
700 ## - Nombre personal - Responsabilidad primaria
Elemento de entrada Reyes Ochoa
Parte del nombre distinta del elemento de entrada Alfonso
Fechas 1889-1959
Número Koha 516
801 #0 - Fuente de origen
Agencia cm
900 ## -
-- 1/17304
900 ## -
-- 710988908\\180598
942 ## - ELEMENTOS DE ENTRADA SECUNDARIOS (KOHA)
Tipo de ítem Koha Livre
996 ## -
-- MEX
-- 751145101
-- MMAG
-- 005580
-- R861.37 G638R
-- 20211216LIV
Exemplaires
Estatus retirado Estado de daño Estado de pérdida Fecha de adquisición Biblioteca de origen Biblioteca actual Ubicación en estantería Código de barras Precio de reemplazo Signatura topográfica completa No para préstamo Tipo de ítem Koha Nota pública Nota no pública
      05/08/2025 Casa México Paris Casa México Paris   005580 05/08/2025 R861.37 G638R No se presta a domicilio Livre 20211216LIV 751145101